Compter de 1 à 20 en facteurs premiers - Statistiques

Statistiques générales
  • Ce quiz a été pris 64 fois
  • Le résultat moyen est 10 sur 20
Statistiques - réponses
Hint Réponse % Correct
1 1
100%
2 2
100%
3 3
98%
5 5
87%
7 7
87%
11 11
68%
4 2*2
62%
13 13
55%
6 2*3
55%
9 3*3
49%
8 2*2*2
47%
10 2*5
47%
17 17
43%
19 19
36%
14 2*7
19%
16 2*2*2*2
17%
12 2*2*3
17%
20 2*2*5
13%
18 2*3*3
13%
15 3*5
13%
Aucun quiz correspondant
Distribution des résultats
% des personnes avec chaque résultat
Percentile par nombre de réponses
Votre historique - résultats
Vous n’avez pas pris ce quiz